Представление документа в формате MARC21

Поле Инд. ПП Название Значение
Тип записи a
Библиографический уровень b
001 Контрольный номер RU/IS/BASE/128520153
005 Дата корректировки 20200522190820.7
084 a Индекс другой классификации/Индекс ББК 60.545.1
a Индекс другой классификации/Индекс ББК 66.3(2Рос),5
100 1_ a Автор Паин Э. А.
245 a Заглавие Этнополитический маятник: цикличность этнополитических процессов в постсоветской России
504 a Библиография Библиогр.: с. 130
650 a Основная рубрика внутренняя политика
a Основная рубрика политика
a Основная рубрика социология
a Основная рубрика этносоциология
a Основная рубрика социология групп
653 a Ключевые слова национальная политика (этнополитика)
a Ключевые слова национальные меньшинства
a Ключевые слова национальные отношения
a Ключевые слова постсоветское общество
a Ключевые слова Россия
a Ключевые слова этнополитические процессы
773 t Заглавие источника Общественные науки и современность
d Дата издания источника 2003
g Прочая информация № 5. - С. 122 - 130 : табл., диагр.
w Контрольный № источника RU/IS/BASE/118154823
901 t Тип документа b